000 00371nam a2200157Ia 4500
008 221030s9999 xx 000 0 und d
020 _a0070535256
041 _aEnglish
082 _a105.23
_bBaw
100 _aH. S. Bawa
245 0 _aManufacturing Process - II
_cby H. S. Bawa
260 _bTMH
_aNew Delhi
_c2006
300 _a316
650 _aMechanical
942 _cBK
999 _c853
_d853